000 01028nam a22003137a 4500
001 7302
003 FISKH
005 20250709084509.0
008 250709b cb ||||| |||| 00| 0 eng d
020 _a9780064441322
040 _aFISKH
_beng
_cFISKH
_dFISKH
050 _a PZ7.B9836 G
082 _a 428.6
100 _aByars, Betsy
_d (1928–2020)
245 _aThe Golly sisters go west /
_cBy Betsy Byars ; Pictures by Sue Truesdell
250 _aThis edition first published in 1989
260 _aNew York :
_bHarper Trophy,
_c1985
300 _a64 pages :
_bcolor illustrations ;
_c23 cm
490 _aAn i can read book
_vLevel 3
505 _aE
520 _aMay-May and Rose, the singing, dancing Golly sisters, travel west by covered wagon, entertaining people along the way.
521 8 _a210
_bLexile
521 8 _aE
_bRaz-Plus
650 _2Westward expansion
_aOld West
650 _2Pioneers
_aAmerican West
700 _aTruesdell, Sue
_dillustrator
942 _2ddc
_cBK
_n0
999 _c7302
_d7302